After Marx

Αποθηκεύτηκε σε:
Λεπτομέρειες βιβλιογραφικής εγγραφής
Άλλοι συγγραφείς: Ball, Terence, Farr, James
Μορφή: Βιβλίο
Γλώσσα:English
Δημοσίευση: Cambridge [Cambridgeshire] : New York : Cambridge University Press, 1984
Θέματα:
Ετικέτες: Προσθήκη ετικέτας
Δεν υπάρχουν, Καταχωρήστε ετικέτα πρώτοι!

MARC

LEADER 00000cam a2200000 i 4500
001 1/30812
008 950706s1984 eng d
020 |a 0521276616 ((pbk.)) 
035 |l 10023468 
040 |a GR-MY-UA  |b gre  |e aacr 
041 0 |a eng 
082 0 |a 335.4  |2 (19) 
245 1 0 |a After Marx /  |c edited by Terence Ball and James Farr 
260 |a Cambridge [Cambridgeshire] :   |a New York :   |b Cambridge University Press,   |c 1984 
300 |a x, 287 p.;  |c 24 cm 
504 |a Includes bibliographies and indexes 
600 1 0 |a Marx, Karl,   |d 1818-1883. 
650 0 0 |a Speeches, addresses, etc. 
700 1 |a Ball, Terence. 
700 1 |a Farr, James. 
852 |a INST  |b CHIOS  |e 19950706  |h 335.4 AFT  |p 005200005399  |q 005200005399  |t BK  |y 0 
909 |a Χ  |b 001658